[Event "Niederbayernliga 1314"]
[Site "Bayern"]
[Date "2013.??.??"]
[Round "1"]
[White "Eichinger, Hans"]
[Black "Miesbauer, Jan"]
[Result "0-1"]
[WhiteElo "1816"]
[BlackElo "1999"]
[PlyCount "145"]
[EventDate "2013.10.13"]
[EventType "team-tourn"]
[EventRounds "9"]
[EventCountry "GER"]
[SourceTitle "EXT 2023"]
[Source "ChessBase"]
[SourceDate "2022.10.05"]
[SourceVersion "1"]
[SourceVersionDate "2022.10.05"]
[SourceQuality "1"]
[WhiteTeam "Rottal II"]
[BlackTeam "Bayerwald Regen/Zwiesel"]
[WhiteTeamCountry "GER"]
[BlackTeamCountry "GER"]

1. d4 Nf6 2. c4 g6 3. Nf3 Bg7 4. Nc3 d6 5. g3 0-0 6. Bg2 Nbd7 7. 0-0 e5 8. e4 exd4 9. Nxd4 Re8 10. Re1 Nc5 11. Qc2 a5 12. a4 Ng4 13. Nf3 c6 14. h3 Ne5 15. Nxe5 dxe5 16. Be3 Qe7 17. Rad1 Be6 18. Bf1 f6 19. Kh2 Bf8 20. Nb1 Qf7 21. b3 h5 22. Nd2 Red8 23. Nf3 Qh7 24. Ng1 g5 25. f3 g4 26. Bxc5 Bxc5 27. fxg4 hxg4 28. h4 Kf8 29. Bg2 Qh6 30. Rd3 Ke7 31. Red1 Rxd3 32. Rxd3 Rd8 33. Rxd8 Kxd8 34. Qd3+ Ke7 35. Ne2 Qe3 36. Qxe3 Bxe3 37. Nc3 Kd6 38. Bf1 Kc5 39. Nd1 Bd2 40. Bd3 Kd4 41. Bc2 Bf7 42. Kg2 Be1 43. Nf2 Bxf2 44. Kxf2 Bg6 45. Bd1 Bxe4 46. Bxg4 Bg6 47. Bc8 b6 48. g4 Kc3 49. h5 Bh7 50. Bf5 Bg8 51. Bd7 c5 52. h6 Kxb3 53. Ke3 Bh7 54. Bf5 Bg8 55. Ke4 Kxa4 56. h7 Bxh7 57. Bxh7 Kb3 58. Kf5 a4 59. Kxf6 a3 60. Bb1 Kb2 61. Ba2 Kxa2 62. g5 Kb3 63. g6 a2 64. g7 a1Q 65. g8Q e4+ 66. Kf5 e3 67. Qe6 Qf1+ 68. Kg5 Qg2+ 69. Kf4 Qf2+ 70. Kg5 e2 71. Qxb6+ Kc2 72. Qg6+ Kc1 73. Qd3 0-1

[Event "Niederbayernliga 1213"]
[Site "Bayern"]
[Date "2012.??.??"]
[Round "4"]
[White "Bleml, Gerhard"]
[Black "Eichinger, Hans"]
[Result "0-1"]
[WhiteElo "1429"]
[BlackElo "1816"]
[PlyCount "56"]
[EventDate "2012.10.14"]
[EventType "team-tourn"]
[EventRounds "9"]
[EventCountry "GER"]
[SourceTitle "EXT 2023"]
[Source "ChessBase"]
[SourceDate "2022.10.05"]
[SourceVersion "1"]
[SourceVersionDate "2022.10.05"]
[SourceQuality "1"]
[WhiteTeam "Aidenbach"]
[BlackTeam "Rottal II"]
[WhiteTeamCountry "GER"]
[BlackTeamCountry "GER"]

1. e4 c5 2. Bc4 e6 3. Nf3 a6 4. a3 Nc6 5. d3 Qc7 6. Nc3 Nf6 7. h3 Be7 8. Be3 0-0 9. Qd2 b5 10. Bb3 Rd8 11. Bf4 d6 12. 0-0 Ne5 13. Qe3 Nxf3+ 14. Qxf3 Bb7 15. Rfe1 Nd7 16. Qg4 c4 17. dxc4 bxc4 18. Ba2 Nf6 19. Qg3 Nh5 20. Qg4 Nxf4 21. Qxf4 Bf6 22. Re3 Rac8 23. Rg3 Be5 24. Qf3 Bxg3 25. Qxg3 Qb6 26. b3 cxb3 27. Bxb3 Qd4 28. Rd1 Qxc3 0-1

[Event "Regionalliga SO 1112"]
[Site "Bayern"]
[Date "2011.12.11"]
[Round "4.6"]
[White "Eichinger, Hans"]
[Black "Guenes, Erdogan"]
[Result "1/2-1/2"]
[WhiteElo "1877"]
[BlackElo "1935"]
[PlyCount "83"]
[EventDate "2011.10.02"]
[EventType "team-tourn"]
[EventRounds "9"]
[EventCountry "GER"]
[SourceTitle "EXT 2013"]
[Source "ChessBase"]
[SourceDate "2012.11.22"]
[SourceVersion "1"]
[SourceVersionDate "2012.11.22"]
[SourceQuality "1"]
[WhiteTeam "Rottal II"]
[BlackTeam "Waldkraiburg"]
[WhiteTeamCountry "GER"]
[BlackTeamCountry "GER"]

1. d4 d5 2. Nf3 c6 3. c4 e6 4. e3 f5 5. Nc3 Nf6 6. Ne5 Nbd7 7. f4 Bd6 8. Be2 0-0 9. 0-0 Kh8 10. Qe1 Bc7 11. Qh4 Nxe5 12. dxe5 Ne4 13. Qxd8 Rxd8 14. Nxe4 dxe4 15. b4 a5 16. b5 Bb6 17. Kf2 Bc5 18. a4 Bb4 19. Bb2 Bd7 20. Rfd1 Rac8 21. Rac1 Be8 22. Rxd8 Rxd8 23. Rd1 Rxd1 24. Bxd1 h6 25. h4 g5 26. hxg5 hxg5 27. g3 Kg7 28. Be2 Kh6 29. Bd4 c5 30. Bb2 Bd2 31. Bd1 Bb4 32. Be2 b6 33. Bc1 Bh5 34. Bb2 Bxe2 35. Kxe2 Kh5 36. Bc1 Kg4 37. Kf2 gxf4 38. gxf4 Kh3 39. Bb2 Kh2 40. Bc1 Kh3 41. Bb2 Kg4 42. Bc1 1/2-1/2

[Event "Niederbayernliga 0910"]
[Site "Germany"]
[Date "2010.02.28"]
[Round "7.6"]
[White "Niedermeier, Johann"]
[Black "Eichinger, Hans"]
[Result "1/2-1/2"]
[WhiteElo "1732"]
[BlackElo "1788"]
[PlyCount "147"]
[EventDate "2009.10.18"]
[EventType "team-tourn"]
[EventRounds "9"]
[EventCountry "GER"]
[SourceTitle "EXT 2011"]
[Source "ChessBase"]
[SourceDate "2010.11.26"]
[SourceVersion "1"]
[SourceVersionDate "2010.11.26"]
[SourceQuality "1"]
[WhiteTeam "Geiselhoering"]
[BlackTeam "Rottal II"]
[WhiteTeamCountry "GER"]
[BlackTeamCountry "GER"]

1. d4 Nf6 2. c4 c5 3. Nf3 cxd4 4. Nxd4 g6 5. Nc3 Bg7 6. e3 0-0 7. Be2 d6 8. 0-0 Nbd7 9. Qc2 Nc5 10. Bf3 Bg4 11. Bxg4 Nxg4 12. b3 Ne5 13. Ba3 Qa5 14. Bxc5 dxc5 15. Nde2 Rad8 16. Rad1 Nc6 17. Na4 Qc7 18. Nec3 Qe5 19. Qe4 Qxe4 20. Nxe4 b6 21. Nec3 e6 22. Rxd8 Rxd8 23. Rd1 Kf8 24. Kf1 Ke7 25. Ke2 Nb4 26. Rxd8 Kxd8 27. Kd2 Kc8 28. Nb5 Bf8 29. Nxa7+ Kb7 30. a3 Kxa7 31. axb4 cxb4 32. Nb2 Kb7 33. Kd3 Kc6 34. Ke4 f5+ 35. Kf3 g5 36. g4 b5 37. cxb5+ Kxb5 38. gxf5 exf5 39. Nd3 Kc6 40. h3 Kd5 41. Nb2 h5 42. Nc4 Bg7 43. Nd2 Ke5 44. Kg3 Bh6 45. Nc4+ Kd5 46. Kf3 g4+ 47. hxg4 hxg4+ 48. Kg3 Bg5 49. f3 gxf3 50. Kxf3 Bh6 51. Nb2 Ke6 52. Ke2 Kd5 53. Kd2 Ke5 54. Kd3 Bf8 55. Nc4+ Kd5 56. Nd2 Be7 57. Nf3 Bf6 58. Ne1 Be7 59. Nc2 Bc5 60. Ne1 Bd6 61. Nf3 Bc5 62. Nh4 Ke6 63. Ng2 Kd5 64. Nf4+ Ke5 65. Ke2 Ke4 66. Nd3 Bxe3 67. Nxb4 f4 68. Nc2 f3+ 69. Kf1 Bb6 70. Na3 Kd3 71. Nc4 Bd4 72. Nd6 Bc5 73. Nc4 Kc3 74. Ne5 1/2-1/2

[Event "Niederbayernliga 0910"]
[Site "Germany"]
[Date "2009.11.29"]
[Round "3.6"]
[White "Eichinger, Hans"]
[Black "Kurz, Helmut"]
[Result "1-0"]
[WhiteElo "1788"]
[BlackElo "1726"]
[PlyCount "109"]
[EventDate "2009.10.18"]
[EventType "team-tourn"]
[EventRounds "9"]
[EventCountry "GER"]
[SourceTitle "EXT 2011"]
[Source "ChessBase"]
[SourceDate "2010.11.26"]
[SourceVersion "1"]
[SourceVersionDate "2010.11.26"]
[SourceQuality "1"]
[WhiteTeam "Rottal II"]
[BlackTeam "Adlkofen"]
[WhiteTeamCountry "GER"]
[BlackTeamCountry "GER"]

1. d4 f5 2. c4 Nf6 3. Nc3 e6 4. g3 c6 5. Bg2 d5 6. cxd5 cxd5 7. Nf3 Bd6 8. 0-0 0-0 9. Nb5 Be7 10. Bf4 Na6 11. Rc1 Bd7 12. Qb3 Qb6 13. Nc7 Qxb3 14. axb3 Nxc7 15. Rxc7 b6 16. Ne5 Rfd8 17. Rfc1 Bd6 18. Nxd7 Bxc7 19. Nxf6+ gxf6 20. Rxc7 Rdc8 21. Re7 Re8 22. Rb7 Rf8 23. Rc7 Rfc8 24. Rc3 b5 25. Bd6 a5 26. Bc5 b4 27. Re3 Rc6 28. f4 Kg7 29. Bf3 Kg6 30. g4 fxg4 31. Bxg4 f5 32. Bh3 Rg8 33. Kf2 Kf6 34. Bg2 Rg7 35. Rd3 Rc8 36. Rd1 Rcg8 37. Bf3 h5 38. Ra1 Ra8 39. Bxb4 Rga7 40. Bc5 Ra6 41. Rg1 a4 42. bxa4 Rxa4 43. Bxh5 Rh8 44. Rg6+ Kf7 45. Rg5+ Kf6 46. Bd6 Rh7 47. b4 Ra3 48. b5 Rh3 49. Rg6+ Kf7 50. Rg3+ R3xh5 51. b6 Rxh2+ 52. Kf3 Rxe2 53. Kxe2 Rh2+ 54. Kf3 Rb2 55. Bc5 1-0

[Event "Niederbayernliga 0809"]
[Site "Germany"]
[Date "2009.01.18"]
[Round "5.5"]
[White "Hackbarth, Christa"]
[Black "Eichinger, Hans"]
[Result "1-0"]
[WhiteElo "1838"]
[BlackElo "1839"]
[PlyCount "103"]
[EventDate "2008.10.05"]
[EventType "team-tourn"]
[EventRounds "9"]
[EventCountry "GER"]
[SourceTitle "EXT 2010"]
[Source "ChessBase"]
[SourceDate "2010.11.25"]
[SourceVersion "1"]
[SourceVersionDate "2010.11.25"]
[SourceQuality "1"]
[WhiteTeam "Simbach"]
[BlackTeam "Rottal II"]
[WhiteTeamCountry "GER"]
[BlackTeamCountry "GER"]

1. d4 Nf6 2. Nf3 b6 3. Bf4 Ba6 4. Nbd2 e6 5. c4 Bb4 6. e3 0-0 7. Be2 d5 8. Rc1 dxc4 9. Bxc4 Bxc4 10. Rxc4 Nd5 11. Bg3 c5 12. 0-0 b5 13. Rc2 c4 14. Ne4 Be7 15. b3 Nb4 16. Re2 cxb3 17. Qxb3 Qd5 18. Qxd5 Nxd5 19. Rc1 Nd7 20. Rec2 N7b6 21. Ne5 Ba3 22. Rf1 Rac8 23. Rxc8 Rxc8 24. h3 Rc1 25. Rxc1 Bxc1 26. Nd6 f6 27. Nd3 Bd2 28. Nxb5 a6 29. Nc7 a5 30. Nxe6 Nc3 31. Bc7 Nc4 32. Nec5 Kf7 33. Nb3 a4 34. Nxd2 Nxd2 35. Ba5 Ne2+ 36. Kh2 Nc4 37. Bb4 Ke6 38. Nc5+ Kd5 39. Nxa4 Nc1 40. Nc3+ Kc6 41. Kg3 Nd3 42. Bf8 g6 43. e4 h5 44. Kf3 Ne1+ 45. Kg3 Nc2 46. Ne2 Nd6 47. d5+ Kd7 48. Bxd6 Kxd6 49. Nf4 h4+ 50. Kg4 g5 51. Nd3 Nd4 52. f4 1-0

[Event "Niederbayernliga 0809"]
[Site "Germany"]
[Date "2008.10.05"]
[Round "1.6"]
[White "Mancic, Ivan"]
[Black "Eichinger, Hans"]
[Result "1-0"]
[WhiteElo "1887"]
[BlackElo "1839"]
[PlyCount "127"]
[EventDate "2008.10.05"]
[EventType "team-tourn"]
[EventRounds "9"]
[EventCountry "GER"]
[SourceTitle "EXT 2010"]
[Source "ChessBase"]
[SourceDate "2010.11.25"]
[SourceVersion "1"]
[SourceVersionDate "2010.11.25"]
[SourceQuality "1"]
[WhiteTeam "Deggendorf"]
[BlackTeam "Rottal II"]
[WhiteTeamCountry "GER"]
[BlackTeamCountry "GER"]

1. d4 Nf6 2. c4 c5 3. d5 b5 4. cxb5 a6 5. bxa6 Bxa6 6. Nc3 g6 7. e4 Bxf1 8. Kxf1 d6 9. g3 Bg7 10. Kg2 0-0 11. h3 Qb6 12. Nge2 Nbd7 13. Qc2 Rfb8 14. Rb1 Qb4 15. Be3 Qc4 16. b3 Qa6 17. a4 Rb7 18. Rhd1 Ne8 19. Nb5 Qa5 20. Bd2 Qd8 21. Bc3 Nc7 22. Nxc7 Qxc7 23. Bxg7 Kxg7 24. Nc3 Qa5 25. Nb5 Qb4 26. Qc3+ Qxc3 27. Nxc3 Ra5 28. Kf1 Ra8 29. Ke2 Ra5 30. f4 f6 31. Kd3 Kf7 32. Nb5 Kg7 33. Rdc1 Ra8 34. Na3 Kf8 35. Nc4 Nb6 36. Na3 Nd7 37. Kc3 Kf7 38. Nb5 Kg8 39. g4 h6 40. Ra1 Kf7 41. h4 Nb6 42. Na3 Nd7 43. Nc2 Ra5 44. Rf1 Kg7 45. h5 g5 46. Ne3 Nb6 47. fxg5 hxg5 48. Rfb1 Ra8 49. a5 Nc8 50. b4 cxb4+ 51. Rxb4 Rba7 52. Rb5 Rc7+ 53. Kd4 Na7 54. Rb6 Nc8 55. Rc6 Rxc6 56. dxc6 e6 57. Nc4 Ra6 58. c7 Rc6 59. Nb6 Rxc7 60. Nxc8 Rxc8 61. a6 f5 62. a7 Ra8 63. gxf5 exf5 64. exf5 1-0

[Event "Niederbayernliga 0708"]
[Site "Germany"]
[Date "2007.11.25"]
[Round "3.5"]
[White "Eichinger, Hans"]
[Black "Fischer, Michael"]
[Result "1/2-1/2"]
[WhiteElo "1823"]
[BlackElo "2024"]
[PlyCount "48"]
[EventDate "2007.10.21"]
[EventType "team"]
[EventRounds "9"]
[EventCountry "GER"]
[SourceTitle "EXT 2009"]
[Source "ChessBase"]
[SourceDate "2008.11.26"]
[SourceVersion "1"]
[SourceVersionDate "2008.11.26"]
[SourceQuality "1"]
[WhiteTeam "Rottal II"]
[BlackTeam "Straubing"]
[WhiteTeamCountry "GER"]
[BlackTeamCountry "GER"]

1. d4 Nf6 2. c4 e6 3. g3 c5 4. Nf3 cxd4 5. Nxd4 Nc6 6. Bg2 Bb4+ 7. Bd2 Be7 8. Nc2 0-0 9. Nc3 a6 10. 0-0 Qc7 11. b3 b6 12. Ne1 Bb7 13. Nf3 d6 14. Rc1 Rfd8 15. Bg5 h6 16. Bxf6 Bxf6 17. Nd5 exd5 18. cxd5 Qd7 19. dxc6 Bxc6 20. Ne5 dxe5 21. Bxc6 Qxd1 22. Rfxd1 Rxd1+ 23. Rxd1 Rd8 24. Rxd8+ Bxd8 1/2-1/2

[Event "Niederbayernliga 0708"]
[Site "Germany"]
[Date "2007.10.21"]
[Round "1.5"]
[White "Eichinger, Hans"]
[Black "Wimmer, Juergen"]
[Result "1-0"]
[WhiteElo "1823"]
[BlackElo "1780"]
[PlyCount "61"]
[EventDate "2007.10.21"]
[EventType "team"]
[EventRounds "9"]
[EventCountry "GER"]
[SourceTitle "EXT 2009"]
[Source "ChessBase"]
[SourceDate "2008.11.26"]
[SourceVersion "1"]
[SourceVersionDate "2008.11.26"]
[SourceQuality "1"]
[WhiteTeam "Rottal II"]
[BlackTeam "Vilshofen"]
[WhiteTeamCountry "GER"]
[BlackTeamCountry "GER"]

1. d4 d5 2. c4 e6 3. Nc3 Nf6 4. Nf3 c6 5. e3 Be7 6. b3 0-0 7. Bd3 a6 8. 0-0 Bd6 9. Bb2 Nbd7 10. e4 dxe4 11. Nxe4 Nxe4 12. Bxe4 Nf6 13. Bc2 Be7 14. Qd3 g6 15. Rad1 Qc7 16. Rfe1 Rd8 17. Qe3 Bf8 18. d5 Bg7 19. Be5 Qa5 20. Qd4 c5 21. Qb2 Ne8 22. Bxg7 Nxg7 23. Qf6 exd5 24. cxd5 Nh5 25. Qh4 Qb6 26. Qe7 Qd6 27. Ng5 Qxe7 28. Rxe7 f6 29. Nf7 Rf8 30. Nh6+ Kh8 31. d6 1-0

[Event "Niederbayernliga 0708"]
[Site "Germany"]
[Date "2007.04.06"]
[Round "8.3"]
[White "Eichinger, Hans"]
[Black "Fruehauf, Norbert"]
[Result "1/2-1/2"]
[WhiteElo "1823"]
[BlackElo "1960"]
[PlyCount "35"]
[EventDate "2007.10.21"]
[EventType "team"]
[EventRounds "9"]
[EventCountry "GER"]
[SourceTitle "EXT 2009"]
[Source "ChessBase"]
[SourceDate "2008.11.26"]
[SourceVersion "1"]
[SourceVersionDate "2008.11.26"]
[SourceQuality "1"]
[WhiteTeam "Rottal II"]
[BlackTeam "Simbach"]
[WhiteTeamCountry "GER"]
[BlackTeamCountry "GER"]

1. d4 Nf6 2. Nf3 g6 3. c4 Bg7 4. Nc3 d6 5. g3 0-0 6. Bg2 Nbd7 7. 0-0 e5 8. e4 exd4 9. Nxd4 Re8 10. h3 Ne5 11. b3 Bd7 12. Be3 Nc6 13. Rc1 a5 14. Qc2 Nxd4 15. Bxd4 Bc6 16. Rcd1 Nd7 17. Bxg7 Kxg7 18. Nd5 1/2-1/2

[Event "Niederbayernliga 0506"]
[Site "Germany"]
[Date "2006.??.??"]
[Round "7"]
[White "Eichinger, Hans"]
[Black "Feichtinger, Hans"]
[Result "0-1"]
[WhiteElo "1897"]
[BlackElo "1895"]
[PlyCount "54"]
[EventDate "2005.??.??"]
[EventType "team"]
[EventRounds "9"]
[EventCountry "GER"]
[SourceTitle "EXT 2008"]
[Source "ChessBase"]
[SourceDate "2007.11.25"]
[SourceVersion "1"]
[SourceVersionDate "2007.11.25"]
[SourceQuality "1"]
[WhiteTeam "Eggenfelden"]
[BlackTeam "Deggendorf II"]
[WhiteTeamCountry "GER"]
[BlackTeamCountry "GER"]

1. d4 Nf6 2. Nf3 g6 3. c4 Bg7 4. g3 0-0 5. Nc3 d5 6. cxd5 Nxd5 7. Bg2 c5 8. Nxd5 Qxd5 9. Be3 cxd4 10. Bxd4 Qa5+ 11. Kf1 Rd8 12. Qc2 Bxd4 13. Nxd4 Qb6 14. e3 e5 15. Ne2 Be6 16. Nc3 Nc6 17. a3 Rac8 18. Re1 Bc4+ 19. Kg1 Bd3 20. Qc1 Na5 21. b4 Nc6 22. Qb2 Ne7 23. Ne4 f6 24. Nc5 Rxc5 25. Qa2+ Rc4 26. Rc1 Qc7 27. Be4 Bxe4 0-1

[Event "Niederbayernliga 0405"]
[Site "Germany"]
[Date "2005.??.??"]
[Round "5"]
[White "Scheipl, Ralf"]
[Black "Eichinger, Hans"]
[Result "0-1"]
[WhiteElo "2208"]
[BlackElo "1863"]
[PlyCount "68"]
[EventDate "2004.??.??"]
[EventType "team"]
[EventRounds "9"]
[EventCountry "GER"]
[SourceTitle "EXT 2008"]
[Source "ChessBase"]
[SourceDate "2007.11.25"]
[SourceVersion "1"]
[SourceVersionDate "2007.11.25"]
[SourceQuality "1"]
[WhiteTeam "Straubing"]
[BlackTeam "Eggenfelden"]
[WhiteTeamCountry "GER"]
[BlackTeamCountry "GER"]

1. e4 c6 2. d4 d5 3. exd5 cxd5 4. c4 Nf6 5. Nc3 e6 6. Nf3 Be7 7. Bf4 0-0 8. c5 b6 9. b4 a5 10. Na4 Nbd7 11. Bd3 axb4 12. c6 Nc5 13. dxc5 bxc5 14. 0-0 Qa5 15. Nb2 c4 16. Bc2 Ba6 17. Nd4 Ne8 18. Re1 Nf6 19. Be5 g6 20. Re3 Bc8 21. Rh3 b3 22. Bb1 Ne8 23. Re3 Bf6 24. Bxf6 Nxf6 25. Qc1 Qc5 26. Nxb3 Qb4 27. Nd2 d4 28. Ne4 dxe3 29. Nxf6+ Kg7 30. Ne4 e2 31. Nc3 Qxb2 32. Be4 Qxc1+ 33. Rxc1 Ra3 34. Nxe2 Rxa2 0-1

[Event "Niederbayernliga 0304"]
[Site "Germany"]
[Date "2003.??.??"]
[Round "1"]
[White "Scheipl, Ralf"]
[Black "Eichinger, Hans"]
[Result "1/2-1/2"]
[WhiteElo "2243"]
[BlackElo "1883"]
[PlyCount "52"]
[EventDate "2003.??.??"]
[EventType "team"]
[EventRounds "9"]
[EventCountry "GER"]
[SourceTitle "EXT 2008"]
[Source "ChessBase"]
[SourceDate "2007.11.25"]
[SourceVersion "1"]
[SourceVersionDate "2007.11.25"]
[SourceQuality "1"]
[WhiteTeam "Straubing"]
[BlackTeam "Eggenfelden"]
[WhiteTeamCountry "GER"]
[BlackTeamCountry "GER"]

1. c4 Nf6 2. Nc3 e5 3. g3 Nc6 4. Bg2 Bb4 5. Nf3 0-0 6. 0-0 d6 7. d4 exd4 8. Nxd4 Nxd4 9. Qxd4 h6 10. Nd5 Nxd5 11. cxd5 Bc5 12. Qc3 Bg4 13. e4 a5 14. h3 Be2 15. Re1 Bb4 16. Qe3 Bxe1 17. Qxe2 Bb4 18. Be3 b6 19. Bd4 Qe7 20. Kh2 f5 21. f4 fxe4 22. Bxe4 Rae8 23. Qg4 Rf7 24. Bd3 Rf6 25. Rc1 Bc5 26. Bxf6 Qxf6 1/2-1/2